| 000 | 02254nam a2200265 a 4500 | ||
|---|---|---|---|
| 001 | 000021979 | ||
| 005 | 20240229161930.0 | ||
| 008 | 100915s1979 dr 001 0 spa d | ||
| 040 |
_aDO-SdBNP _bspa _cBNPHU |
||
| 082 |
_a972.93 _bB562o |
||
| 100 | 1 |
_aBetances de Pujadas, Estrella _945564 |
|
| 245 | 1 | 0 |
_aOrigen y proyecciones del protectoralismo dominicano / _cEstrella Betances de Pujadas ; palabras previas de Carlos Federico Pérez. |
| 260 |
_aSanto Domingo : _bAlfa y Omega, _c1979. |
||
| 300 |
_a179 p. ; _c23 cm. |
||
| 504 | _aIncluye bibliografía y notas al final de capítulos. | ||
| 504 | _aBibliografía: p. 173-175. | ||
| 505 | 0 |
_gPalabras previas / _rCarlos Federico Pérez -- _gIntroducción -- _tNociones geográficas de la Isla de Santo Domingo y principales razones que despertaron el interés de otras naciones hacia ella -- _tFormación de la colonia española de la Isla de Santo Domingo -- _tDecadencia de La Española -- _tFormación de la parte francesa de la Isla de Santo Domingo -- _tContradicción entre las partes española y francesa de la Isla de Santo Domingo -- _tJustificados temores de la parte española de la isla debido a las trágicas experiencias vividas por esta comunidad -- _tLa búsqueda de la protección: _tToussaint Louverture -expedición de Leclerc -- _tJuan Sánchez Ramírez -período de la reconquista -- _tNúñez de Cáceres -- _tNuevos intentos en favor de España -- _tPlan Levasseur y otros intentos protectoralistas anteriores a la proclamación de la 1ra República -- _tOtros proyectos protectoralistas de menor importancia -- _t1844 -Período de la 1ra República -- _t1863 -Período de la anexión y de la Guerra de Restauración -- _tLa Segunda República -- _tGobierno de Ramón Cáceres -- _tOcupación militar norteamericana -- _tPeríodo de la Tercera República -- _gConclusiones -- _gBibliografía. |
|
| 650 | 4 |
_aProtectorados _xHistoria _945565 |
|
| 651 | 4 |
_aRepública Dominicana _xHistoria _9170 |
|
| 651 | 4 |
_aRepública Dominicana _xPolítica Y Gobierno _xHistoria _91212 |
|
| 651 | 4 |
_aIsla Hispaniola (Haití Y República Dominicana{Rpara} _xColonias _xHistoria _945566 |
|
| 700 | 1 |
_aPérez, Carlos Federico, _d1912-1984 _epról. _924849 |
|
| 910 | _aValidado. Control de calidad EMS | ||
| 049 | _aBNPD | ||
| 999 |
_c21477 _d21477 |
||